[Event "IECC Y2KO email"]
[White "Ledford, Steven O"]
[Black "Moorman, Robert Jan"]
[Site "IECC email"]
[Round "?"]
[Result "1/2-1/2"]
[Date "2000.10.26"]
[WhiteElo "1996"]
[BlackElo "1650"]
[PlyCount "108"]
[EventDate "2000.??.??"]
[EventType "tourn (corr)"]
[EventRounds "2"]
[SourceTitle "Corr 2008"]
[Source "ChessBase"]
[SourceDate "2008.06.24"]
[SourceVersion "1"]
[SourceVersionDate "2008.06.24"]
[SourceQuality "1"]

1. e4 c5 2. Nc3 Nc6 3. g3 g6 4. Bg2 Bg7 5. d3 d6 6. f4 e6 7. Nf3 Nge7 8. 0-0 0-0 9. Be3 Nd4 10. Qd2 Nec6 11. Nd1 Nxf3+ 12. Bxf3 b6 13. e5 Bb7 14. exd6 Qxd6 15. c3 Rfd8 16. Nf2 Na5 17. Bxb7 Nxb7 18. Rad1 Qd5 19. c4 Qh5 20. Rfe1 Na5 21. b3 Nc6 22. Qe2 Qxe2 23. Rxe2 Rd7 24. a3 h5 25. Kg2 Rad8 26. h3 Kf8 27. g4 Bd4 28. gxh5 gxh5 29. Rb1 Ke7 30. b4 Rg8+ 31. Kh2 cxb4 32. axb4 a5 33. bxa5 bxa5 34. Bxd4 Nxd4 35. Ra2 Ra7 36. Ne4 f5 37. Ng5 e5 38. Rf2 exf4 39. h4 a4 40. Rxf4 Rd8 41. Re1+ Kf6 42. Ne4+ Ke5 43. Rf2 a3 44. Ng3+ Kd6 45. Nxf5+ Kc5 46. Ng3 Nb3 47. Re5+ Kd4 48. Ree2 Nc5 49. Rc2 Nxd3 50. Rfd2 Kc5 51. Rd1 Rd4 52. Nf5 Rdd7 53. Ra1 Nb4 54. Rg2 Kxc4 1/2-1/2

[Event "IECC Y2KO email"]
[White "Moorman, Robert Jan"]
[Black "Ledford, Steven O"]
[Site "IECC email"]
[Round "?"]
[Result "1-0"]
[Date "2000.10.26"]
[WhiteElo "1663"]
[BlackElo "1983"]
[PlyCount "91"]
[EventDate "2000.??.??"]
[EventType "tourn (corr)"]
[EventRounds "2"]
[SourceTitle "Corr 2008"]
[Source "ChessBase"]
[SourceDate "2008.06.24"]
[SourceVersion "1"]
[SourceVersionDate "2008.06.24"]
[SourceQuality "1"]

1. d4 Nf6 2. Nf3 g6 3. c4 Bg7 4. g3 0-0 5. Bg2 d6 6. 0-0 c5 7. Nc3 Na6 8. b3 Bg4 9. Bb2 Qd7 10. Re1 Rab8 11. Qd2 Bxf3 12. exf3 cxd4 13. Qxd4 Nc5 14. Nd5 e5 15. Nxf6+ Bxf6 16. Qd5 Rfd8 17. f4 Qf5 18. Rad1 Rbc8 19. h3 h5 20. Re2 Kg7 21. Red2 Rc7 22. Bc3 h4 23. Qf3 e4 24. Qe3 hxg3 25. fxg3 Bxc3 26. Qxc3+ Qf6 27. Qxf6+ Kxf6 28. Rd4 Re8 29. Rxd6+ Kg7 30. Kf2 f5 31. Ke3 Re6 32. Bf1 Rxd6 33. Rxd6 Nd7 34. Be2 Nf8 35. g4 Rd7 36. c5 Kf7 37. Bc4+ Ke7 38. Rxd7+ Nxd7 39. b4 Nf6 40. a4 a6 41. Kd4 Nd7 42. a5 Nb8 43. Bd5 Nc6+ 44. Bxc6 bxc6 45. gxf5 gxf5 46. h4 1-0